000 00250nmm a2200085Ia 4500
008 220120s9999||||xx |||||||||||||||||und||
100 _aArena, Alien Digit
_911049
245 0 _aJust so stories, 13 HD movie trailers, 5 full length movies,
260 _c2008
999 _c139208
_d139208